Add a Letter - C - Statistics

General Stats
  • This quiz has been taken 852 times
  • The average score is 9 of 10
Answer Stats
Word Add "C" % Correct
At Act
100%
Age Cage
100%
An Can
100%
Are Care
100%
Ant Can't
99%
Hair Chair
99%
Hip Chip
99%
With Witch
86%
Ray Racy
81%
Wine Wince
81%
No matching quizzes found
Score Distribution
Percent of People with Each Score
Percentile by Number Answered
Your Score History
You have not taken this quiz